000 00522cam a22002171 4500
001 sa 66002944
003 DLC
005 20260227112232.0
008 890324s1962 xx 000 0 malr
010 _asa 66002944
035 _a(OCoLC)23567162
040 _aDLC
_cMiU
_dDLC
042 _apremarc
050 0 0 _aP121
_b.B295
100 1 _aBalakrishnan, B. C.
245 1 0 _aBhāṣāvijñānaṃ.
260 _a[n.p.$c1962]
300 _a252 p.
_c19 cm.
500 _aRomanized.
650 0 _aLanguage and languages
999 _c68621
_d68621